Регионална библиотека "Любен Каравелов" - Русе

Анини приказки (Запис номер 206502)

MARC детайли
000 -Лидер
Контролно поле с фиксирана дължина 01274nam a2200325 a 4500
003 - Код на организацията, давaща контролен номер
Контролно поле BLK
005 - Дата и час на последна редакция
Контролно поле 20250730140843.0
008 - Елементи от данни с фиксирана дължина
fixed length control field 180411b bul|||||r ||||||| ||bul||
010 ## - Наследен системен номер
LC control number KNG00216251000
020 ## - Международен стандартен номер на книга ISBN
Международен стандартен номер на книга ISBN 978-619-186-359-4
040 ## - Източник на каталожния запис
Идентификатор на билиотеката - собственик на записа BLK
041 ## - Код за език
Код за езика на текст/звукозапис или на отделно заглавие Български
Код за езика КДБФ Български
072 #7 - Код за тематичната категория
Код организация bullib
Код за тематична категория Н85
Текст Детска художествена литература Н
080 ## - УДК
Текстов определител УДК Българска литература
УДК код - определител по УДК 821.163.2
УДК определител -93-1
УДК - код + определител 821.163.2-93-1
100 1# - Редна дума - Автор
Автор Цанев, Стефан Неделчев
Дати, свързани с автора 1936-
Автор - информация (биография) Писател, поет, драматург.
R(LIN) 364639
139 ## - Редно поле
Редна дума Цанев, Стефан Неделчев
Авторски знак Цан - Ц 16
245 10 - Сведения за заглавието
Заглавие Анини приказки
Редно поле (дума) Стефан Цанев; нарисува Климент Денчев.
250 ## - Област на изданието
Сведения за изданието 10. изд.
257 ## - Страна на издаване
Страна на създаване/издаване България
260 ## - Област на издателските данни
Име на издателя, разпространителя и проч. Жанет 45
Година на издаване 2017
Място на издаване, разпространение и проч. Пловдив
300 ## - Физическа характеристика
Страници 161 с.
Илюстрации и др. с цв. ил.
Размери/Мащаб 19Х16 см
380 ## - Жанр
Жанр Детска худож. лит.
500 ## - Общи забележки
Забележка 1. изд. 1976 на изд. Нар. младеж
700 ## - Други автори (авторска отговорност)
Лично име Денчев, Климент Денчев
Автороска отговорност (Описва отношението между автора и произведението) худож.
9 (RLIN) 1637
852 ## - Местоположение
Форматна сигнатура Цб 289197
Фондова буква Хранилище
856 4# - Електронен адрес и достъп
Електронен формат pdf - файл
Инструкция (цена за достъп) 0.00
Права за достъп disable
856 4# - Електронен адрес и достъп
Електронен формат pdf - файл
Инструкция (цена за достъп) 0.00
Права за достъп disable
999 ## - СИСТЕМНИ КОНТРОЛНИ НОМЕРА
Koha biblionumber 206502
Koha biblioitemnumber 206502
942 ## - АРТИКУЛИ
Вид на библиотечния материал Книги
Скрит в OPAC Не
Периодичен библиозапис Да
Koha issues (borrowed), all copies 12
944 ## - СЪЗДАВАНЕ И РЕДАКЦИЯ на ЗАПИСА
Създаване/Редакция Създаване
Дата на регистрацията/редакция 27.02.2018
Служител, извършил регистрацията/редакцията 30564
Статус, дата на статуса Анна Гръцманова
Наличности
Код за отписване Код за изгубен артикул Код за повреда Коз за рестрикции Код за отдаване Артикулен № Име на библиотеката - собственик Име на библиотеката, в която се намира в момента Статус (Текущо местоположение) Дата на вписване в системата Местоположение - отдел Цена в лева Инвентарен номер Систематично азбучна сигнатура Баркод Номер на екземпляра Цена в евро Служебна бележка Служебен тип на артикула Източник на класификационната схема
  Не е изгубен Не е повреден без рестрикции ползва се в читалня 355520 Регионална библиотека "Любен Каравелов" Русе Регионална библиотека "Любен Каравелов" Русе Хранилище 2018-02-12 Хранилище 15.00 120000819802 Цб 289197 120000819802 1 7.67 Дост: Dp Вид: Д N: 2 Дата: 04.01.2018 Книги  
  Не е изгубен Не е повреден без рестрикции заемане за дома 922127 Регионална библиотека "Любен Каравелов" Русе Регионална библиотека "Любен Каравелов" Русе Детски отдел 2023-01-19 Детски отдел 11.25   821.163.2-93/Ц 16 С 120000881701   5.75   Книги Universal Decimal Classification
  Не е изгубен Не е повреден без рестрикции заемане за дома 922128 Регионална библиотека "Любен Каравелов" Русе Регионална библиотека "Любен Каравелов" Русе Детски отдел 2023-01-19 Детски отдел 11.25   821.163.2-93/Ц 16 С 120000881703   5.75   Книги Universal Decimal Classification
  Не е изгубен Не е повреден без рестрикции заемане за дома 922129 Регионална библиотека "Любен Каравелов" Русе Регионална библиотека "Любен Каравелов" Русе Детски отдел 2023-01-19 Детски отдел 11.25   821.163.2-93/Ц 16 С 120000881702   5.75   Книги Universal Decimal Classification
  Не е изгубен Не е повреден   заемане за дома 936215 Регионална библиотека "Любен Каравелов" Русе Регионална библиотека "Любен Каравелов" Русе Детски отдел 2023-11-07 Детски отдел 15.00 120000895281 821.163.2-93/Ц 16 С 120000895281   7.67   Книги Universal Decimal Classification
Vip Innovations Ltd, Rousse, Bulgaria 2025